00638nam a22002051 450000100060000000300080000600500170001400800410003103500190007204000320009104100080012308200240013110000190015524500760017426000620025030000340031250400320034665000260037865000280040435937BD-RjUL20211209052415.0140611s1953 ncua b 000 0 eng d a(BD-RjUL)36034 aDLCcDLCdDLCdBD-RjULbeng aeng00a303.3222bHUC 19531 aHunter, Floyd.10aCommunity power structure ;ba study of decision makers /cFloyd Hunter aChapel Hill :bUniversity of North Carolina Press,c1953. axiv, 297 p. :bill. ;c21 cm. aBibliography: p. [273]-289. 0aCommunity leadership. 0aPower (Social sciences)